Nuclear and particle physics (Record no. 396424)

MARC details
000 -LEADER
fixed length control field 00580 a2200229 4500
005 - DATE & TIME
control field 20260218111843.0
008 - FIXED-LENGTH DATA ELEMENTS--GENERAL INFORMATION
fixed length control field 260218b |||||||| |||| 00| 0 eng d
020 ## - ISBN
International Standard Book Number 9788130924175
Price Rs. 1595.00
040 ## - CATALOGING SOURCE
Original cataloging agency VIVEKANANDA LIBRARY
082 ## - DDC NUMBER
Classification number 539.7
Book Number K123N(2)
100 ## - MAIN ENTRY--PERSONAL NAME
Personal name Kakani, S L
245 ## - TITLE STATEMENT
Title Nuclear and particle physics
250 ## - EDITION STATEMENT
Edition statement 2nd
260 ## - PUBLICATION, DISTRIBUTION, ETC. (IMPRINT)
Name of publisher, distributor, etc Viva Books
Date of publication, distribution, etc 2025
Place of publication, distribution, etc New Delhi
300 ## - PHYSICAL DESCRIPTION
Pages viii, 1019
650 ## - Subject
Subject Nuclear Physics
650 ## - Subject
Subject Atomic Structure
650 ## - Subject
Subject Radioactivity
650 ## - Subject
Subject Nuclear Reactions
700 ## - Added Entry Personal Name
Added Entry Personal Name Kakani, Shubhra
942 ## - ADDED ENTRY ELEMENTS (KOHA)
Koha item type Books
Holdings
Withdrawn status Lost status Source of classification or shelving scheme Damaged status Not for loan Location (home branch) Sublocation or collection (holding branch) Shelving location Date acquired Koha issues (times borrowed) Koha full call number Accession No. Koha date last seen Koha item type
    Dewey Decimal Classification     VIVEKANANDA LIBRARY VIVEKANANDA LIBRARY Vivekananda Library 28/01/2026   539.7 K123N(2) 444931 28/01/2026 Books
    Dewey Decimal Classification     VIVEKANANDA LIBRARY VIVEKANANDA LIBRARY Vivekananda Library 28/01/2026   539.7 K123N(2) 444932 28/01/2026 Books
    Dewey Decimal Classification     VIVEKANANDA LIBRARY VIVEKANANDA LIBRARY Vivekananda Library 28/01/2026   539.7 K123N(2) 444933 28/01/2026 Books
© Designed and Maintained by Vivekananda Library, MDU Rohtak